| 000 | 01593nam a22003494a 4500 | ||
|---|---|---|---|
| 001 | ebr10038797 | ||
| 003 | CaPaEBR | ||
| 006 | m u | ||
| 007 | cr cn||||||||| | ||
| 008 | 000929s2000 dcu sb 001 0 eng | ||
| 010 | _z 00109510 | ||
| 020 | _z030907178X | ||
| 040 |
_aCaPaEBR _cCaPaEBR |
||
| 035 | _a(OCoLC)70769909 | ||
| 050 | 1 | 4 |
_aDS79.744.M44 _bG83 2000eb |
| 082 | 0 | 4 |
_a956.7044/27 _221 |
| 245 | 0 | 0 |
_aGulf War and health _h[electronic resource] / _cCarolyn E. Fulco, Catharyn T. Liverman, Harold C. Sox, editors ; Committee on Health Effects Associated with Exposures During the Gulf War, Division of Health Promotion and Disease Prevention, Institute of Medicine. |
| 260 |
_aWashington, D.C. : _bNational Academy Press, _cc2000. |
||
| 300 | _av. <1 >. | ||
| 504 | _aIncludes bibliographical references and index. | ||
| 505 | 1 | _av. 1. Depleted uranium, pyridostigmine bromide, sarin, vaccines | |
| 533 |
_aElectronic reproduction. _bPalo Alto, Calif. : _cebrary, _d2013. _nAvailable via World Wide Web. _nAccess may be limited to ebrary affiliated libraries. |
||
| 650 | 0 |
_aPersian Gulf War, 1991 _xHealth aspects _zUnited States. |
|
| 650 | 0 |
_aPersian Gulf War, 1991 _xVeterans _xDiseases _zUnited States. |
|
| 650 | 0 |
_aPersian Gulf syndrome _zUnited States. |
|
| 655 | 7 |
_aElectronic books. _2local |
|
| 700 | 1 | _aFulco, Carolyn. | |
| 700 | 1 | _aLiverman, Catharyn T. | |
| 700 | 1 | _aSox, Harold C. | |
| 710 | 2 | _aebrary, Inc. | |
| 856 | 4 | 0 |
_uhttp://site.ebrary.com/lib/rucke/Doc?id=10038797 _zAn electronic book accessible through the World Wide Web; click to view |
| 999 |
_c58088 _d58088 |
||